00667cam a2200193 a 4500020002400000040000800024082002600032245005500058260006700113300003900180490001700219500001700236500001700253650001700270710003000287942001000317999001700327952012900344 a090838629X (pbk.) : cDLC00a331 CIT 1983 C153 Or.00a1980 census :bemployment analysis and evaluation. aCape Town :bCity Engineer's Dept., City of Cape Town,cc1983. aiv, 52, 4 leaves :bill. ;c30 cm.1 aTMS report ; aCover title. a"June 1983." 0aLabor supply1 aCape Town (South Africa). cAEDBB c18844d18844 0010406331_000000000000000_CIT_1983_C153_OR70983444aLBCbLBCd2020-01-29eA33438o331 CIT 1983 C153 Or.r2020-01-29yEK